Macroeconomics / (Record no. 3236)

MARC details
000 -LEADER
fixed length control field 00604nam a2200205 4500
001 - CONTROL NUMBER
control field 3966
005 - DATE AND TIME OF LATEST TRANSACTION
control field 20181127172309.0
010 00 - LIBRARY OF CONGRESS CONTROL NUMBER
LC control number
020 00 - INTERNATIONAL STANDARD BOOK NUMBER
International Standard Book Number
090 00 - LOCALLY ASSIGNED LC-TYPE CALL NUMBER (OCLC); LOCAL CALL NUMBER (RLIN)
Classification number (OCLC) (R) ; Classification number, CALL (RLIN) (NR) 339 C4356m 2013
100 00 - MAIN ENTRY--PERSONAL NAME
Personal name Chakraborty, Swati.
245 00 - TITLE STATEMENT
Title Macroeconomics /
Remainder of title
Statement of responsibility, etc. Dr. Swati Chakraborty.
Medium
250 00 - EDITION STATEMENT
Edition statement
260 00 - PUBLICATION, DISTRIBUTION, ETC.
Place of publication, distribution, etc. [Thimphu] :
Name of publisher, distributor, etc. [Royal Thimphu College],
Date of publication, distribution, etc. 2013.
300 00 - PHYSICAL DESCRIPTION
Extent 102 leaves.
500 ## - GENERAL NOTE
General note Module: ECP202, Macroeconomics by Dr. Swati Chakraborty.
General note Spiral-bound xerographic copy
610 ## - SUBJECT ADDED ENTRY--CORPORATE NAME
Corporate name or jurisdiction name as entry element Royal Thimphu College.
Subordinate unit
Location of meeting
Date of meeting or treaty signing
Relator term
Date of a work
Miscellaneous information
Form subheading
Language of a work
Medium of performance for music
Number of part/section/meeting
Arranged statement for music
Name of part/section of a work
Key for music
Version
Title of a work
Form subdivision
General subdivision
Chronological subdivision
Geographic subdivision
Source of heading or term
650 00 - SUBJECT ADDED ENTRY--TOPICAL TERM
Topical term or geographic name entry element Macroeconomics.
General subdivision
Holdings
Withdrawn status Lost status Source of classification or shelving scheme Damaged status Not for loan Collection code Home library Current library Shelving location Serial Enumeration / chronology Inventory number Total Checkouts Full call number Barcode Date last seen Date last checked out Price effective from Koha item type
    Dewey Decimal Classification     Binding Materials. RTC Library RTC Library Binding 6677 1 339 CHA 30006343 19/03/2019 05/03/2019 27/11/2018 Binder
Royal Thimphu College || All Right Reserved